000 00789nam a22002657a 4500
001 BR8803566
003 BR-BrBNA
005 20230928092935.0
007 ta
008 230509b bl.||||| |||| 00| 0 por d
040 _aBR-BrBNA
_bpor
_cBiblioteca Nacional de Agricultura
041 _a(Por)
072 _aH01; K73
_b/G514
090 _ H01 BR8803566
110 1 _aEmpresa de Pesquisa Agropecuaria da Bahia S.A., Salvador (Brasil)
_94094
245 1 _aServicos prestados pela empresa [Empresa de Pesquisa Agropecuaria da Bahia S.A.]
260 3 _aSalvador, BA (Brasil):
_c[nd].
300 _a20 p.
500 _aPublished 1980?
650 _aEMPRESA AGRICOLA
650 _aASSISTENCIA TECNICA
650 _aLABORATORIO
909 _a202309
_bLucia
_c55
_dLucia Elande
942 _cBK
999 _c42109
_d42109